LIBRARY & INFORMATION CENTRE, KCAET, TAVANUR

ONLINE PUBLIC ACCESS CATALOGUE (OPAC)

Development of paddy weeding attachment to mini tiller (Record no. 15490)

MARC details
000 -LEADER
fixed length control field 00537nam a22001577a 4500
003 - CONTROL NUMBER IDENTIFIER
control field OSt
008 - FIXED-LENGTH DATA ELEMENTS--GENERAL INFORMATION
fixed length control field 180919b ||||| |||| 00| 0 eng d
082 ## - DEWEY DECIMAL CLASSIFICATION NUMBER
Classification number 631.1
Item number ATH/DE
100 ## - MAIN ENTRY--AUTHOR NAME
Personal name Athira P
-- Gayatri Gopan
-- Nipin Balu
245 ## - TITLE STATEMENT
Title Development of paddy weeding attachment to mini tiller
260 ## - PUBLICATION, DISTRIBUTION, ETC. (IMPRINT)
Place of publication Thavanur
Name of publisher Department of farm power machinery and energy
Year of publication 2018
300 ## - PHYSICAL DESCRIPTION
Number of Pages vii, 62
Accompanying material CD
700 ## - ADDED ENTRY--PERSONAL NAME
Personal name Shaji James P. (Guide)
856 ## - ELECTRONIC LOCATION AND ACCESS
Uniform Resource Identifier <a href="https://drive.google.com/open?id=17I-26M3X9J0Fupi1K0aMvNeKC9uJOhuz">https://drive.google.com/open?id=17I-26M3X9J0Fupi1K0aMvNeKC9uJOhuz</a>
942 ## - ADDED ENTRY ELEMENTS (KOHA)
Koha item type Project Report
Holdings
Withdrawn status Lost status Damaged status Home library Current library Date acquired Full call number Accession Number Koha item type
      KAUAET KAUAET 26/07/2018 631.1 ATH/DE P 421 Project Report
free website counter